00728cam a22002297a 4500003000500000005001700005008004100022010001000063011001000073035001000083040000900093082001600102100002700118245002600145260003900171300001800210490001900228505018600247650001200433650003400445830001900479CHAP20220329134329.0971013s1982 r 00010 d a18866 a19838 a23923 cCHAP a633.15bL6800aDíaz, Marco Antonio.14aLos libros del maíz aMéxico, D.F. :bEd. Arbol,c1982 a5 v.b: ilus. 0aCol. Cántaro aContenido : v.1 Origen, tradición y leyendas .- v.2 Técnicas tradicionales de cultivo .- v.3 Nuevas técnicas de cultivo .- v.4 Cómo lo usamos .- v.5 Compra y venta del grano14aMaíz.14aPlantas cultivadasxHistoria.0 aCol. Cántaro